| 000 | 00333nas a22001337a 4500 | ||
|---|---|---|---|
| 001 | T027600012782-00 | ||
| 008 | 190830b xxu||||| |||| 00| 0 esp | | ||
| 040 |
_aFEVP _cFEVP |
||
| 245 | _aRevista BCV. Biblioteca del Pensamiento Económico | ||
| 260 | _c2000 | ||
| 300 | _a50 p. | ||
| 650 | _aIntegración--América Latina | ||
| 942 | _cREV | ||
| 999 |
_c18057 _d18057 |
||